|
|
|
|
| LEADER |
00000nas a2200000 a 4500 |
| 001 |
ssj0000991239 |
| 003 |
WaSeSS |
| 005 |
20200512172242.0 |
| 006 |
m d |
| 007 |
cr n |
| 008 |
110511c20uu9999ir qr p s | 0eng |
| 010 |
|
|
|a 2010349037
|
| 016 |
7 |
|
|a 101535586
|2 DNLM
|
| 022 |
|
|
|a 2228-5296
|l 2228-5296
|y 2228-5482
|
| 035 |
|
|
|a (WaSeSS)ssj0000991239
|
| 040 |
|
|
|a DLC
|b eng
|c DLC
|d DLC
|d CUS
|d OCLCQ
|d NLM
|d OCLCF
|d CUS
|d OCLCQ
|d OCLCA
|d WaSeSS
|
| 042 |
|
|
|a pcc
|
| 043 |
|
|
|a a-ir---
|
| 050 |
1 |
4 |
|a RC889
|
| 060 |
0 |
0 |
|a W1
|b FA963F
|
| 245 |
0 |
0 |
|a Journal of reproduction & infertility
|h [electronic resource].
|
| 246 |
3 |
|
|a Journal of reproduction and infertility
|
| 246 |
3 |
|
|a Reproduction & infertility
|
| 246 |
1 |
3 |
|a J reprod infertil
|
| 246 |
3 |
|
|a JRI
|
| 246 |
3 |
|
|a Fasināmah-i bārvarī va nābārvarī
|
| 260 |
|
|
|a Tehran :
|b Avicenna Research Institute
|
| 310 |
|
|
|a Quarterly
|
| 362 |
1 |
|
|a Began in 2010?
|
| 500 |
|
|
|a Persian title only appears on issues in Persian.
|
| 506 |
|
|
|a License restrictions may limit access.
|
| 546 |
|
|
|a Text in English and Persian; alternating issues in English and Persian; summaries and table of contents in English in Persian language issues.
|
| 588 |
|
|
|a Description based on: Vol. 11, issue 1 (Apr./June 2010) = 42; title from cover.
|
| 588 |
|
|
|a Latest issue consulted: Vol. 12, issue 3 (July/Sept. 2011) = 48.
|
| 650 |
|
0 |
|a Infertility
|v Periodicals.
|
| 650 |
|
0 |
|a Fertility, Human
|z Iran
|v Periodicals.
|
| 650 |
|
0 |
|a Human reproduction
|v Periodicals.
|
| 650 |
|
0 |
|a Reproductive technology
|v Periodicals.
|
| 650 |
1 |
2 |
|a Reproduction.
|
| 650 |
2 |
2 |
|a Infertility.
|
| 650 |
2 |
2 |
|a Fertility.
|
| 650 |
|
7 |
|a Fertility, Human.
|2 fast
|0 (OCoLC)fst00923157
|
| 650 |
|
7 |
|a Human reproduction.
|2 fast
|0 (OCoLC)fst00963221
|
| 650 |
|
7 |
|a Infertility.
|2 fast
|0 (OCoLC)fst00972366
|
| 650 |
|
7 |
|a Reproductive technology.
|2 fast
|0 (OCoLC)fst01095008
|
| 651 |
|
7 |
|a Iran.
|2 fast
|0 (OCoLC)fst01204889
|
| 655 |
|
0 |
|a Electronic journals.
|
| 710 |
2 |
|
|a Pizhūhishkadah-i Ibn Sīnā.
|
| 775 |
0 |
|
|t Faṣlnāmah-i bārvarī va nābārvarī
|x 1735-8507
|w (DLC) 2010223318
|w (OCoLC)693569100
|
| 780 |
0 |
0 |
|t Faṣlnāmah-i pizishkī-i bārvarī va nābārvarī
|x 1726-7536
|w (OCoLC)56615259
|
| 856 |
4 |
0 |
|z Full text available from Research Library: 01/01/2000 to present
|u https://search.proquest.com/publication/105706
|